00575nam a2200181Ia 4500003000900000008004100009040001600050080002100066245012000087260003700207300001400244650001400258650001700272650002900289700002800318700002400346700002300370IN-BaIIA211028s9999 xx 000 0 eng d cIIA Library a047.1:52bARA-39 0aAnnual review of astronomy and astrophysicsbvol. 39cedited by Geoffrey Burbidge, Allan Sandage and Frank H. Shu  aCaliforniabAnnual Reviewsc2001 aix, 668p. aastronomy aastrophysics atheoretical astrophysics aBurbidge, Geoffrey, ed. aSandage, Allan, ed. aShu, Frank H., ed.